00405nam a2200157Ia 4500003000900000008004100009040001600050080001200066100002200078245004300100260003900143300001000182650001900192650001200211650002400223IN-BaIIA211028s9999 xx 000 0 eng d cIIA Library a53bKOM aKompaneyets, A. S 0aTheoretical physicscA. S. Kompaneyets aNew YorkbDover Publicationsc1962 a592p. aNASA Thesaurus aPhysics aTheoretical Physics